[Event "Budapest FS10 U2250"]
[Site "Budapest"]
[Date "2024.10.06"]
[Round "2"]
[White "Mayer, Istvan"]
[Black "Nagy, Ervin"]
[Result "1/2-1/2"]
[WhiteElo "1777"]
[BlackElo "2138"]
[PlyCount "73"]
[EventDate "2024.10.05"]
[EventType "swiss"]
[EventRounds "9"]
[EventCountry "HUN"]
[SourceTitle "CB45_2024"]
[Source "ChessBase"]
[SourceDate "2024.11.06"]
[SourceVersion "1"]
[SourceVersionDate "2024.11.06"]
[SourceQuality "1"]

1. e4 e5 2. Nf3 Nc6 3. Bb5 a6 4. Ba4 Nf6 5. 0-0 Be7 6. Re1 b5 7. Bb3 d6 8. c3 0-0 9. h3 a5 10. d4 a4 11. Bc2 Bd7 12. Nbd2 Re8 13. Nf1 h6 14. Bd3 Qb8 15. Ne3 Qb7 16. Nd5 exd4 17. Nxe7+ Rxe7 18. cxd4 Rae8 19. Bb1 Nh7 20. b3 Na7 21. Bb2 Nc8 22. Bc2 Nb6 23. Qd3 Nf8 24. Qd2 f6 25. Rab1 axb3 26. axb3 Ra8 27. Ra1 Rxa1 28. Bxa1 Re8 29. Bb2 Nc8 30. Kh2 c6 31. Qf4 d5 32. e5 Qb8 33. Qg3 f5 34. Nh4 Ne7 35. Qf3 Qc8 36. Bd3 Nfg6 37. Nxg6 1/2-1/2

[Event "Budapest FS10 U2250"]
[Site "Budapest"]
[Date "2024.10.05"]
[Round "1"]
[White "Yu, Zechen"]
[Black "Mayer, Istvan"]
[Result "1-0"]
[WhiteElo "1971"]
[BlackElo "1777"]
[PlyCount "69"]
[EventDate "2024.10.05"]
[EventType "swiss"]
[EventRounds "9"]
[EventCountry "HUN"]
[SourceTitle "CB45_2024"]
[Source "ChessBase"]
[SourceDate "2024.11.06"]
[SourceVersion "1"]
[SourceVersionDate "2024.11.06"]
[SourceQuality "1"]

1. e4 e6 2. d4 d5 3. Nc3 dxe4 4. Nxe4 Bd7 5. Nf3 Bc6 6. Bd3 Nd7 7. Qe2 Ngf6 8. Bd2 Be7 9. 0-0-0 0-0 10. h4 Nxe4 11. Bxe4 Qc8 12. Bd3 Rd8 13. Bf4 Nf8 14. c3 Be8 15. g4 c5 16. dxc5 Qxc5 17. g5 Bc6 18. Rhg1 Qa5 19. Kb1 Rac8 20. Ne5 Be8 21. Qe4 b5 22. h5 Rd5 23. Bc2 Rcd8 24. Rxd5 exd5 25. Qd3 b4 26. g6 fxg6 27. hxg6 Bf6 28. gxh7+ Kh8 29. Qf5 Qb6 30. Bg5 bxc3 31. b3 Rd6 32. Bh6 Qc7 33. Bxg7+ Qxg7 34. Rxg7 Bxg7 35. Qf7 1-0

[Event "Budapest FS09 U2250"]
[Site "Budapest"]
[Date "2024.09.12"]
[Round "6.8"]
[White "Mayer, Istvan"]
[Black "Vegvari, Ferenc"]
[Result "1-0"]
[WhiteElo "1799"]
[BlackElo "1623"]
[PlyCount "57"]
[EventDate "2024.09.07"]
[EventType "swiss"]
[EventRounds "9"]
[EventCountry "HUN"]
[SourceTitle "EXT 2025"]
[Source "ChessBase"]
[SourceDate "2024.10.14"]
[SourceVersion "1"]
[SourceVersionDate "2024.10.14"]
[SourceQuality "1"]

1. e4 c5 2. Nf3 d6 3. Bb5+ Nd7 4. 0-0 a6 5. Bc4 e6 6. Re1 b5 7. Bf1 Be7 8. a4 b4 9. c3 Ngf6 10. d4 0-0 11. Nbd2 d5 12. exd5 Nxd5 13. c4 N5f6 14. b3 cxd4 15. Nxd4 Bb7 16. Bb2 Qc7 17. N2f3 Rad8 18. Qc2 g6 19. Qe2 Ne4 20. Qe3 e5 21. Qh6 exd4 22. Bxd4 Ndf6 23. Be5 Nxf2 24. Bxc7 N2g4 25. Rxe7 Nxh6 26. Bxd8 Bxf3 27. Ba5 Bc6 28. Rc7 Bd7 29. Bxb4 1-0

[Event "Budapest FS09 U2250"]
[Site "Budapest"]
[Date "2024.09.11"]
[Round "5.6"]
[White "Skaar, Ben Samuel Groth"]
[Black "Mayer, Istvan"]
[Result "1-0"]
[WhiteElo "2097"]
[BlackElo "1799"]
[PlyCount "59"]
[EventDate "2024.09.07"]
[EventType "swiss"]
[EventRounds "9"]
[EventCountry "HUN"]
[SourceTitle "EXT 2025"]
[Source "ChessBase"]
[SourceDate "2024.10.14"]
[SourceVersion "1"]
[SourceVersionDate "2024.10.14"]
[SourceQuality "1"]

1. Nc3 d5 2. e4 d4 3. Nce2 c5 4. Ng3 Nc6 5. Bc4 Nf6 6. d3 Bg4 7. f3 Bd7 8. f4 b5 9. Bb3 e6 10. a3 Qc7 11. Nf3 h5 12. Ng5 h4 13. Ne2 Nd8 14. a4 c4 15. Ba2 Bb4+ 16. c3 dxc3 17. bxc3 Ba5 18. 0-0 a6 19. d4 bxa4 20. Ba3 Rb8 21. Qd2 Bc6 22. e5 Ne4 23. Nxe4 Bxe4 24. Bd6 Qc8 25. Bxb8 Qxb8 26. Bxc4 Qb7 27. Rxa4 Nc6 28. Qe3 Bxg2 29. Kxg2 Nxd4+ 30. Kh3 1-0

[Event "Budapest FS08 op"]
[Site "Budapest"]
[Date "2024.08.06"]
[Round "4"]
[White "Mayer, Istvan"]
[Black "Szalanczy, Emil"]
[Result "1-0"]
[WhiteElo "1831"]
[BlackElo "1887"]
[PlyCount "67"]
[EventDate "2024.08.03"]
[EventType "swiss"]
[EventRounds "9"]
[EventCountry "HUN"]
[SourceTitle "EXT 2025"]
[Source "ChessBase"]
[SourceDate "2024.10.14"]
[SourceVersion "1"]
[SourceVersionDate "2024.10.14"]
[SourceQuality "1"]

1. e4 c5 2. Nf3 d6 3. Bb5+ Nd7 4. 0-0 a6 5. Bc4 e6 6. Re1 Ne7 7. a4 Nc6 8. Bf1 Be7 9. c3 0-0 10. d4 b6 11. Na3 Bb7 12. Bd3 cxd4 13. cxd4 e5 14. Nc2 Bf6 15. Bc4 Ne7 16. Bg5 Bxg5 17. Nxg5 h6 18. Nf3 Rc8 19. b3 Ng6 20. Nb4 a5 21. Nd5 Nf6 22. g3 Re8 23. Rc1 Bxd5 24. Bxd5 Qd7 25. Bc4 Qg4 26. dxe5 dxe5 27. Nd2 Qxd1 28. Rexd1 Rcd8 29. f3 Kf8 30. Nf1 Ne7 31. Ne3 g5 32. h3 h5 33. Kf2 Rd4 34. Nc2 1-0

[Event "Budapest FS02 Nadassy-2"]
[Site "Budapest"]
[Date "2024.02.23"]
[Round "8.4"]
[White "Hradeczky, Tamas"]
[Black "Mayer, Istvan"]
[Result "1/2-1/2"]
[WhiteElo "1837"]
[BlackElo "1809"]
[PlyCount "30"]
[EventDate "2024.02.15"]
[EventType "tourn"]
[EventRounds "12"]
[EventCountry "HUN"]
[SourceTitle "EXT 2025"]
[Source "ChessBase"]
[SourceDate "2024.10.14"]
[SourceVersion "1"]
[SourceVersionDate "2024.10.14"]
[SourceQuality "1"]
[WhiteTeam "Team Higher Elo"]
[BlackTeam "Team Lower Elo"]
[WhiteTeamCountry "HUN"]
[BlackTeamCountry "HUN"]

1. c4 e5 2. Nc3 Nc6 3. g3 Nf6 4. Bg2 g6 5. Nf3 Bg7 6. 0-0 0-0 7. d4 d6 8. Re1 exd4 9. Nxd4 Nxd4 10. Qxd4 Ng4 11. Qd2 Nf6 12. Qd4 Ng4 13. Qd2 Nf6 14. Qd4 Ng4 15. Qd2 Nf6 1/2-1/2

[Event "Budapest FS02 Nadassy-2"]
[Site "Budapest"]
[Date "2024.02.22"]
[Round "7.1"]
[White "Mayer, Istvan"]
[Black "Farago, Sandor"]
[Result "0-1"]
[WhiteElo "1809"]
[BlackElo "2041"]
[PlyCount "56"]
[EventDate "2024.02.15"]
[EventType "tourn"]
[EventRounds "12"]
[EventCountry "HUN"]
[SourceTitle "EXT 2025"]
[Source "ChessBase"]
[SourceDate "2024.10.14"]
[SourceVersion "1"]
[SourceVersionDate "2024.10.14"]
[SourceQuality "1"]
[WhiteTeam "Team Lower Elo"]
[BlackTeam "Team Higher Elo"]
[WhiteTeamCountry "HUN"]
[BlackTeamCountry "HUN"]

1. e4 c5 2. Nf3 d6 3. Bb5+ Nd7 4. 0-0 a6 5. Bc4 e6 6. Re1 b5 7. Bf1 Bb7 8. a4 b4 9. d4 Ngf6 10. Nbd2 cxd4 11. Nxd4 Be7 12. c3 bxc3 13. bxc3 Qc7 14. Ba3 0-0 15. g4 Nc5 16. Bg2 Nd3 17. Re3 Nf4 18. Bh1 g5 19. c4 Nd7 20. Rb1 Ne5 21. a5 Rab8 22. Rb6 Nd7 23. Rb1 Ba8 24. Bb4 Ne5 25. Qc2 Nxg4 26. Rg3 Ne5 27. N2f3 Neg6 28. Nxg5 Bxg5 0-1

[Event "Budapest FS11 FM"]
[Site "Budapest"]
[Date "2023.11.12"]
[Round "8"]
[White "Bacsi, Andras"]
[Black "Mayer, Istvan"]
[Result "0-1"]
[WhiteElo "1662"]
[BlackElo "1790"]
[PlyCount "40"]
[EventDate "2023.11.04"]
[EventType "tourn"]
[EventRounds "10"]
[EventCountry "HUN"]
[SourceTitle "EXT 2025"]
[Source "ChessBase"]
[SourceDate "2024.10.14"]
[SourceVersion "1"]
[SourceVersionDate "2024.10.14"]
[SourceQuality "1"]

1. Nf3 c5 2. b3 Nc6 3. Bb2 d5 4. e3 Qc7 5. Bb5 f6 6. Bxc6+ bxc6 7. d4 cxd4 8. exd4 Nh6 9. 0-0 Nf7 10. Re1 e6 11. Nbd2 Bd6 12. c4 0-0 13. cxd5 exd5 14. Rc1 Bg4 15. h3 Bh5 16. Qc2 Rac8 17. Qf5 Bg6 18. Qe6 Bf4 19. g3 Bh6 20. Rc2 Bxc2 0-1

[Event "Budapest FS11 FM"]
[Site "Budapest"]
[Date "2023.11.06"]
[Round "3"]
[White "Mayer, Istvan"]
[Black "Bacsi, Andras"]
[Result "1-0"]
[WhiteElo "1790"]
[BlackElo "1662"]
[PlyCount "55"]
[EventDate "2023.11.04"]
[EventType "tourn"]
[EventRounds "10"]
[EventCountry "HUN"]
[SourceTitle "EXT 2025"]
[Source "ChessBase"]
[SourceDate "2024.10.14"]
[SourceVersion "1"]
[SourceVersionDate "2024.10.14"]
[SourceQuality "1"]

1. e4 c5 2. Nf3 e6 3. c3 d5 4. e5 Nc6 5. d4 Qb6 6. Bd3 Nge7 7. 0-0 Bd7 8. dxc5 Qxc5 9. Na3 Ng6 10. Qe2 Be7 11. Nb5 Qb6 12. h4 a6 13. Nbd4 Qc7 14. Nxc6 Bxc6 15. h5 Nf8 16. Nd4 Nd7 17. f4 0-0-0 18. b4 Nb8 19. a4 Bd7 20. Be3 f6 21. b5 fxe5 22. fxe5 a5 23. Rf7 Rde8 24. c4 Qxe5 25. cxd5 Bd6 26. Nf3 Qxd5 27. Rc1+ Kd8 28. Bb6+ 1-0